Giáo trình kỹ thuật trồng rau : (Dùng trong các trường THCN)

Guardado en:
Detalles Bibliográficos
Autor principal: Tạ, Thu Cúc
Formato: Libro
Lenguaje:Undetermined
Publicado: Hà Nội Nhà xuất bản Hà Nội 2005
Materias:
Etiquetas: Agregar Etiqueta
Sin Etiquetas, Sea el primero en etiquetar este registro!
Thư viện lưu trữ: Trung tâm Học liệu Trường Đại học Cần Thơ
LEADER 00577nam a2200205Ia 4500
001 CTU_95193
008 210402s9999 xx 000 0 und d
020 |c 40000 
082 |a 635 
082 |b C506 
100 |a Tạ, Thu Cúc 
245 0 |a Giáo trình kỹ thuật trồng rau : 
245 0 |b (Dùng trong các trường THCN) 
245 0 |c Tạ Thu Cúc 
260 |a Hà Nội 
260 |b Nhà xuất bản Hà Nội 
260 |c 2005 
650 |a Horticulture 
904 |i Minh 
980 |a Trung tâm Học liệu Trường Đại học Cần Thơ